[Event "Copa Latinoamericana de Ajedrez 2011"]
[Site "Montevideo URU"]
[Date "2011.11.06"]
[Round "9.29"]
[White "Matías, Perez Gormaz"]
[Black "Valenzuela, Fernando"]
[Result "1/2-1/2"]
[WhiteElo "2216"]
[BlackElo "2151"]
[PlyCount "28"]
[EventDate "2011.11.01"]
[EventType "swiss"]
[EventRounds "9"]
[EventCountry "URU"]
[Source "lmi"]
[SourceDate "2011.11.01"]

1. e4 c5 2. Nf3 d6 3. Bc4 Nc6 4. c3 Nf6 5. d4 e6 6. Qe2 cxd4 7. cxd4 d5 8. exd5
Nxd5 9. O-O Be7 10. Re1 O-O 11. Nc3 a6 12. Qe4 Nf6 13. Qh4 Nd5 14. Qe4 Nf6
1/2-1/2

[Event "Copa Latinoamericana de Ajedrez 2011"]
[Site "Montevideo URU"]
[Date "2011.11.06"]
[Round "9.30"]
[White "Cristobal, Manuel"]
[Black "Colombo, Camila"]
[Result "1-0"]
[WhiteElo "2208"]
[BlackElo "2096"]
[PlyCount "105"]
[EventDate "2011.11.01"]
[EventType "swiss"]
[EventRounds "9"]
[EventCountry "URU"]
[Source "lmi"]
[SourceDate "2011.11.01"]

1. e4 e6 2. d4 d5 3. Bd3 c5 4. dxc5 dxe4 5. Bxe4 Qxd1+ 6. Kxd1 Nf6 7. Bf3 Bxc5
8. Ke2 Nc6 9. c3 Ne5 10. Bf4 Nxf3 11. Nxf3 b6 12. b3 Bb7 13. Rd1 O-O 14. c4
Rfd8 15. Nc3 Ne4 16. Nxe4 Bxe4 17. Be3 Be7 18. Bd4 f6 19. Ke3 Bb7 20. g4 Rd7
21. Bc3 Rad8 22. Rxd7 Rxd7 23. Nd2 Bc5+ 24. Ke2 Kf7 25. b4 Bd4 26. Bxd4 Rxd4
27. f3 b5 28. cxb5 Rxb4 29. a4 a6 30. Rc1 Kg6 31. Rc4 Rxc4 32. Nxc4 axb5 33.
axb5 f5 34. gxf5+ exf5 35. Nd6 Bd5 36. b6 f4 37. b7 Bxb7 38. Nxb7 Kh5 39. Kf2
g5 40. Nc5 g4 41. Ne6 gxf3 42. Kxf3 Kh4 43. Nxf4 Kg5 44. Kg3 Kf5 45. h4 h6 46.
Kf3 Ke5 47. Kg4 Kf6 48. Kh5 Kg7 49. Ne2 Kh7 50. Ng3 Kg7 51. Nf5+ Kh7 52. Nxh6
Kg7 53. Ng4 1-0

[Event "Copa Latinoamericana de Ajedrez 2011"]
[Site "Montevideo URU"]
[Date "2011.11.06"]
[Round "9.31"]
[White "Piñeiro, Dario"]
[Black "Sanguinetti, Luis"]
[Result "1-0"]
[WhiteElo "2198"]
[BlackElo "2138"]
[PlyCount "80"]
[EventDate "2011.11.01"]
[EventType "swiss"]
[EventRounds "9"]
[EventCountry "URU"]
[Source "lmi"]
[SourceDate "2011.11.01"]

1. e4 e6 2. d4 d5 3. Nc3 Bb4 4. a3 Bxc3+ 5. bxc3 Nf6 6. e5 Nfd7 7. Qg4 Kf8 8.
h4 Nc6 9. Bd3 Ne7 10. Rh3 h5 11. Qg5 f6 12. Qf4 c5 13. Nf3 Qa5 14. Bd2 c4 15.
Be2 Nf5 16. exf6 gxf6 17. g4 hxg4 18. Qxg4 Kf7 19. h5 Rg8 20. Qf4 Nf8 21. Nh4
Rg1+ 22. Bf1 Nxh4 23. Rxh4 Bd7 24. Qh2 Rg8 25. Be2 Qb6 26. h6 Nh7 27. O-O-O Ba4
28. Rg1 Bxc2 29. Kxc2 Qb3+ 30. Kc1 Rxg1+ 31. Qxg1 Rg8 32. Bh5+ Kf8 33. Rg4
Qxa3+ 34. Kd1 Qa1+ 35. Bc1 Ng5 36. h7 Qa4+ 37. Kd2 Rh8 38. Rxg5 Qa2+ 39. Ke3
fxg5 40. Qxg5 Rxh7 1-0

[Event "Copa Latinoamericana de Ajedrez 2011"]
[Site "Montevideo URU"]
[Date "2011.11.06"]
[Round "9.32"]
[White "Cervetto, Esteban"]
[Black "Matsuura, Frederico"]
[Result "1/2-1/2"]
[WhiteElo "2076"]
[BlackElo "2314"]
[PlyCount "44"]
[EventDate "2011.11.01"]
[EventType "swiss"]
[EventRounds "9"]
[EventCountry "URU"]
[Source "lmi"]
[SourceDate "2011.11.01"]

1. e4 e6 2. d4 d5 3. Nc3 Bb4 4. e5 c5 5. a3 Bxc3+ 6. bxc3 Ne7 7. a4 Qa5 8. Bd2
Nbc6 9. Nf3 Bd7 10. Be2 f6 11. exf6 gxf6 12. c4 Qc7 13. cxd5 Nxd5 14. c4 Nde7
15. Bc3 O-O-O 16. dxc5 Rhg8 17. Qd6 e5 18. g3 Nf5 19. Qxc7+ Kxc7 20. O-O e4 21.
Nd2 Nfd4 22. Bh5 Rg5 1/2-1/2

[Event "Copa Latinoamericana de Ajedrez 2011"]
[Site "Montevideo URU"]
[Date "2011.11.06"]
[Round "9.33"]
[White "Meyer Monsalver, Ewald"]
[Black "Izquierdo, Daniel"]
[Result "0-1"]
[WhiteElo "2060"]
[BlackElo "2277"]
[PlyCount "74"]
[EventDate "2011.11.01"]
[EventType "swiss"]
[EventRounds "9"]
[EventCountry "URU"]
[Source "lmi"]
[SourceDate "2011.11.01"]

1. d4 Nf6 2. c4 g6 3. Nc3 Bg7 4. e4 d6 5. Bg5 O-O 6. Qd2 c5 7. dxc5 dxc5 8.
Qxd8 Rxd8 9. Nf3 Nc6 10. Be2 h6 11. Bxf6 Bxf6 12. O-O Bxc3 13. bxc3 Be6 14.
Rfd1 Kg7 15. Kf1 b6 16. Ke1 Na5 17. a3 Bxc4 18. Bxc4 Nxc4 19. a4 Kf6 20. Ke2 g5
21. h3 Ke6 22. Ne1 f6 23. Nc2 Rab8 24. Ne3 Nxe3 25. Kxe3 Rd6 26. Rxd6+ Kxd6 27.
g3 Kc6 28. f4 Rd8 29. fxg5 fxg5 30. Rf1 c4 31. Rf7 Rd3+ 32. Kf2 Kd7 33. Rh7
Rxc3 34. Rxh6 Rd3 35. g4 c3 36. Ke2 Rd4 37. Ke3 Rd1 0-1

[Event "Copa Latinoamericana de Ajedrez 2011"]
[Site "Montevideo URU"]
[Date "2011.11.06"]
[Round "9.34"]
[White "Terres, Fransisco"]
[Black "Bernal, Gustavo"]
[Result "1-0"]
[WhiteElo "2275"]
[BlackElo "2068"]
[PlyCount "69"]
[EventDate "2011.11.01"]
[EventType "swiss"]
[EventRounds "9"]
[EventCountry "URU"]
[Source "lmi"]
[SourceDate "2011.11.01"]

1. e4 e5 2. Nf3 Nc6 3. Bc4 Nf6 4. d3 Be7 5. Bb3 O-O 6. Nbd2 d6 7. c3 Be6 8. Bc2
d5 9. h3 dxe4 10. dxe4 h6 11. Qe2 Nh7 12. Nc4 Bf6 13. O-O Bxc4 14. Qxc4 Ng5 15.
Nh2 Ne6 16. Rd1 Qe7 17. Ng4 Bg5 18. b4 Bxc1 19. Raxc1 Qg5 20. Kh2 Rad8 21. Ne3
Ne7 22. Rxd8 Rxd8 23. Rd1 Rxd1 24. Bxd1 c6 25. g3 Ng6 26. Bg4 Ngf8 27. Qe2 g6
28. h4 Qd8 29. h5 Kg7 30. Nd1 Qg5 31. hxg6 fxg6 32. Bxe6 Nxe6 33. Qd3 Qh5+ 34.
Kg1 Kf6 35. Qd6 1-0

[Event "Copa Latinoamericana de Ajedrez 2011"]
[Site "Montevideo URU"]
[Date "2011.11.06"]
[Round "9.36"]
[White "Izquierdo, Sebastian"]
[Black "Chadwick, Norman"]
[Result "0-1"]
[WhiteElo "2046"]
[BlackElo "2196"]
[PlyCount "124"]
[EventDate "2011.11.01"]
[EventType "swiss"]
[EventRounds "9"]
[EventCountry "URU"]
[Source "lmi"]
[SourceDate "2011.11.01"]

1. d4 Nf6 2. c4 c5 3. d5 e6 4. g3 exd5 5. cxd5 d6 6. Nc3 g6 7. Bg2 Bg7 8. Nf3
O-O 9. Nd2 Nbd7 10. O-O a6 11. a4 Ne8 12. Nc4 Ne5 13. Na3 Nc7 14. Bf4 Re8 15.
Bxe5 Bxe5 16. Nc4 Rb8 17. a5 Bd7 18. Na4 Bb5 19. Nab6 Na8 20. Nxa8 Bxc4 21. Nb6
Bb5 22. Qc2 Bd4 23. Bf3 c4 24. Na4 Qxa5 25. Nc3 Qb4 26. e3 Bxc3 27. bxc3 Qc5
28. e4 Rbc8 29. h3 h5 30. Kh2 Rc7 31. g4 hxg4 32. hxg4 Kg7 33. Kg2 Rh8 34. Rh1
Rcc8 35. Qd2 Qc7 36. Qd4+ f6 37. Rag1 Qe7 38. Kf1 Rxh1 39. Rxh1 Rh8 40. Rxh8
Kxh8 41. Be2 Qe5 42. Qe3 a5 43. f3 Kg7 44. Qa7 Qe7 45. Qb8 Qd7 46. Kg2 a4 47.
Qa7 Qc7 48. Bd1 Kf7 49. Bc2 Ke7 50. Qa8 Be8 51. Qa7 Bd7 52. Qa8 Be8 53. Qa7 Bd7
54. Qa8 Qb6 55. Kf1 Qb2 56. Bd1 Qc1 57. Ke2 Qxc3 58. Qxb7 Qd3+ 59. Ke1 c3 60.
Bxa4 Qe3+ 61. Kf1 Qxf3+ 62. Ke1 Qxe4+ 0-1

[Event "Copa Latinoamericana de Ajedrez 2011"]
[Site "Montevideo URU"]
[Date "2011.11.06"]
[Round "9.37"]
[White "Granara Barreto, Sebastian"]
[Black "De Lima, Carlos Alexandre"]
[Result "1-0"]
[WhiteElo "2190"]
[BlackElo "2106"]
[PlyCount "79"]
[EventDate "2011.11.01"]
[EventType "swiss"]
[EventRounds "9"]
[EventCountry "URU"]
[Source "lmi"]
[SourceDate "2011.11.01"]

1. Nf3 d5 2. c4 e6 3. e3 Nf6 4. b3 Bd6 5. Bb2 O-O 6. Qc2 b6 7. Be2 Bb7 8. O-O
Nbd7 9. d4 Ne4 10. Nfd2 f5 11. Nxe4 fxe4 12. f4 exf3 13. Bxf3 Qg5 14. Qe2 Rf6
15. Nd2 Raf8 16. Bg4 Qh4 17. Bh3 Rg6 18. Rxf8+ Nxf8 19. c5 bxc5 20. Qf3 cxd4
21. exd4 Rf6 22. Qe3 Bf4 23. Qe2 Rg6 24. Kh1 e5 25. Nf3 Qh5 26. dxe5 Ba6 27.
Qc2 c6 28. Ba3 Bxe5 29. Re1 Rf6 30. Qc5 Bd3 31. Rxe5 Qxe5 32. Nxe5 Rf1+ 33. Qg1
Rxg1+ 34. Kxg1 Bb1 35. Nxc6 Bxa2 36. Bxf8 Kxf8 37. b4 a6 38. Kf2 Bc4 39. Ke3
Kf7 40. Ne5+ 1-0

[Event "Copa Latinoamericana de Ajedrez 2011"]
[Site "Montevideo URU"]
[Date "2011.11.06"]
[Round "9.39"]
[White "Ovalles, Otto"]
[Black "Escofet, Jaime"]
[Result "1/2-1/2"]
[WhiteElo "2175"]
[BlackElo "2056"]
[PlyCount "32"]
[EventDate "2011.11.01"]
[EventType "swiss"]
[EventRounds "9"]
[EventCountry "URU"]
[Source "lmi"]
[SourceDate "2011.11.01"]

1. d4 Nf6 2. c4 c5 3. d5 b5 4. cxb5 a6 5. bxa6 Bxa6 6. Nc3 g6 7. g3 d6 8. Bg2
Bg7 9. Nf3 O-O 10. Qc2 Nbd7 11. b3 Qa5 12. Bd2 Rfc8 13. Rb1 Qa3 14. O-O Rab8
15. Bc1 Qa5 16. Bd2 Qc7 1/2-1/2

[Event "Copa Latinoamericana de Ajedrez 2011"]
[Site "Montevideo URU"]
[Date "2011.11.06"]
[Round "9.40"]
[White "Carbone, Diego"]
[Black "Arcos Facio, Mateo"]
[Result "0-1"]
[WhiteElo "2030"]
[BlackElo "2148"]
[PlyCount "70"]
[EventDate "2011.11.01"]
[EventType "swiss"]
[EventRounds "9"]
[EventCountry "URU"]
[Source "lmi"]
[SourceDate "2011.11.01"]

1. Nf3 Nf6 2. c4 g6 3. Nc3 Bg7 4. e4 d6 5. d4 O-O 6. Be2 e5 7. dxe5 dxe5 8.
Qxd8 Rxd8 9. Bg5 Re8 10. Nd5 Nxd5 11. cxd5 c6 12. Bc4 b5 13. Bb3 a5 14. a4 Bd7
15. Nd2 Rc8 16. Rc1 Na6 17. O-O Nb4 18. Rc3 cxd5 19. Bxd5 Nxd5 20. exd5 b4 21.
Rxc8+ Rxc8 22. b3 Bf5 23. Be3 Bd3 24. Rd1 Bc2 25. Rc1 Rc3 26. d6 Kf8 27. Nc4
Bxb3 28. Rxc3 bxc3 29. Nb6 c2 30. Nd7+ Ke8 31. Nb8 Be6 32. Nc6 f5 33. Kf1 Bh6
34. Bxh6 f4 35. d7+ Bxd7 0-1

[Event "Copa Latinoamericana de Ajedrez 2011"]
[Site "Montevideo URU"]
[Date "2011.11.06"]
[Round "9.41"]
[White "Escandón, Federico"]
[Black "Emiliano, Tregarthen"]
[Result "1/2-1/2"]
[WhiteElo "2145"]
[BlackElo "2051"]
[PlyCount "98"]
[EventDate "2011.11.01"]
[EventType "swiss"]
[EventRounds "9"]
[EventCountry "URU"]
[Source "lmi"]
[SourceDate "2011.11.01"]

1. e4 c5 2. Nf3 d6 3. d4 cxd4 4. Nxd4 Nf6 5. Nc3 g6 6. Be2 Bg7 7. O-O O-O 8.
Nb3 Nc6 9. Bg5 Bd7 10. Kh1 Rc8 11. f4 a6 12. Bf3 b5 13. Nd5 Nxd5 14. exd5 Nb8
15. Rb1 h6 16. Bh4 Rc4 17. Be2 Ra4 18. a3 Bf5 19. Bd3 Bxd3 20. Qxd3 Nd7 21. c3
Re8 22. Nd4 Bxd4 23. cxd4 Nf6 24. Rbe1 Nxd5 25. Qe4 Qa8 26. Rf3 Nb6 27. Qe2 Qd5
28. f5 Rxd4 29. fxg6 fxg6 30. Bxe7 Nc8 31. Rf8+ Rxf8 32. Bxf8 Rd2 33. Qg4 Qf5
34. Qxf5 gxf5 35. Bxh6 Rxb2 36. h3 Kf7 37. Rc1 Ne7 38. Bg5 d5 39. Rc7 Re2 40.
Rd7 d4 41. Rxd4 Nc6 42. Rd7+ Kg6 43. Rd6+ Kxg5 44. Rxc6 a5 45. Rc5 Rb2 46. g4
Kh4 47. gxf5 Kxh3 48. Kg1 Kg3 49. Kf1 b4 1/2-1/2

[Event "Copa Latinoamericana de Ajedrez 2011"]
[Site "Montevideo URU"]
[Date "2011.11.06"]
[Round "9.42"]
[White "Colman, Matías"]
[Black "Cukerman, Diego"]
[Result "1/2-1/2"]
[WhiteElo "2007"]
[BlackElo "2133"]
[PlyCount "94"]
[EventDate "2011.11.01"]
[EventType "swiss"]
[EventRounds "9"]
[EventCountry "URU"]
[Source "lmi"]
[SourceDate "2011.11.01"]

1. d4 Nf6 2. c4 g6 3. Nc3 Bg7 4. e4 d6 5. f4 O-O 6. Nf3 c5 7. d5 e6 8. Be2 exd5
9. cxd5 Na6 10. O-O Nc7 11. a4 a6 12. Nd2 Re8 13. Bf3 Rb8 14. Nc4 b5 15. Na5
Ncxd5 16. Bd2 Nb4 17. axb5 axb5 18. Nd5 Nfxd5 19. exd5 Bxb2 20. Nc6 Qb6 21.
Nxb8 Qxb8 22. Bxb4 Bxa1 23. Qxa1 cxb4 24. Qd4 Re7 25. Qxb4 Qb6+ 26. Kh1 h5 27.
h3 Rc7 28. Re1 Qc5 29. Qb2 Qc3 30. Qxc3 Rxc3 31. Rb1 Rc5 32. Kg1 Bb7 33. Be2
Rxd5 34. Bf3 Bc6 35. Bxd5 Bxd5 36. Rxb5 Be4 37. Kf2 d5 38. g3 Kg7 39. Ke3 Bg2
40. h4 Be4 41. Rb6 Bg2 42. Kd4 Bf3 43. Rd6 Bg2 44. Ke5 Be4 45. Rd7 Bg2 46. Rd6
Be4 47. Rd7 Bg2 1/2-1/2

[Event "Copa Latinoamericana de Ajedrez 2011"]
[Site "Montevideo URU"]
[Date "2011.11.06"]
[Round "9.43"]
[White "Pesuto, Iván"]
[Black "Ibañez, Rodrigo"]
[Result "1-0"]
[WhiteElo "2129"]
[BlackElo "1978"]
[PlyCount "53"]
[EventDate "2011.11.01"]
[EventType "swiss"]
[EventRounds "9"]
[EventCountry "URU"]
[Source "lmi"]
[SourceDate "2011.11.01"]

1. d4 d5 2. c4 e6 3. cxd5 exd5 4. Nc3 Nf6 5. Bg5 Be7 6. e3 Bf5 7. Bxf6 Bxf6 8.
Qb3 c6 9. Qxb7 Qb6 10. Qxb6 axb6 11. Nf3 b5 12. Kd2 b4 13. Ne2 O-O 14. Nf4 Nd7
15. Be2 Ra7 16. Rhc1 Rc8 17. Nxd5 Rca8 18. Nxf6+ Nxf6 19. Bc4 Ne4+ 20. Ke1 Be6
21. Bxe6 fxe6 22. Nd2 Nxd2 23. Kxd2 Rxa2 24. Rxa2 Rxa2 25. Kc2 Ra6 26. Kb3 Rb6
27. Rc4 1-0

[Event "Copa Latinoamericana de Ajedrez 2011"]
[Site "Montevideo URU"]
[Date "2011.11.06"]
[Round "9.44"]
[White "López Falcón, Jorge"]
[Black "Heinecke, Lucas"]
[Result "1-0"]
[WhiteElo "2126"]
[BlackElo "1968"]
[PlyCount "51"]
[EventDate "2011.11.01"]
[EventType "swiss"]
[EventRounds "9"]
[EventCountry "URU"]
[Source "lmi"]
[SourceDate "2011.11.01"]

1. d4 c5 2. d5 d6 3. Nf3 g6 4. c4 Bg7 5. Nc3 Nf6 6. e4 Nbd7 7. Be2 O-O 8. O-O
b5 9. cxb5 a6 10. Re1 Ne8 11. Bf4 axb5 12. Bxb5 Bb7 13. e5 dxe5 14. Nxe5 Nxe5
15. Bxe5 Nc7 16. Bxg7 Kxg7 17. Bc6 Bxc6 18. dxc6 e6 19. Ne4 Qe7 20. Qc2 Ra6 21.
Qc3+ f6 22. Qxc5 Qxc5 23. Nxc5 Rxc6 24. Rac1 Kf7 25. Nd7 Rxc1 26. Rxc1 1-0

[Event "Copa Latinoamericana de Ajedrez 2011"]
[Site "Montevideo URU"]
[Date "2011.11.06"]
[Round "9.45"]
[White "Michailov, Matías"]
[Black "Martyniuk, Carolina"]
[Result "1-0"]
[WhiteElo "2117"]
[BlackElo "1959"]
[PlyCount "123"]
[EventDate "2011.11.01"]
[EventType "swiss"]
[EventRounds "9"]
[EventCountry "URU"]
[Source "lmi"]
[SourceDate "2011.11.01"]

1. c4 g6 2. Nc3 Bg7 3. g3 d6 4. Bg2 Nf6 5. e3 e5 6. Nge2 O-O 7. O-O Re8 8. d3
c6 9. b4 d5 10. cxd5 Nxd5 11. Rb1 Bg4 12. Qc2 Na6 13. a3 Rc8 14. h3 Be6 15. Rd1
f5 16. Na4 b6 17. e4 Nf6 18. Bb2 Qc7 19. f4 Nh5 20. Bxe5 Bxe5 21. fxe5 fxe4 22.
d4 Qd7 23. g4 Ng7 24. Bxe4 c5 25. bxc5 bxc5 26. d5 Bxg4 27. e6 Bxe6 28. dxe6
Qe7 29. Rd7 Qg5+ 30. Kh1 Nc7 31. Qxc5 Qh4 32. Qe5 Qxh3+ 33. Qh2 Qxe6 34. Nc5
Qe5 35. Rc1 Qxh2+ 36. Kxh2 Na6 37. Nxa6 Rxc1 38. Bd5+ Kh8 39. Nxc1 Nf5 40. Nc5
Re3 41. Ne6 h5 42. Ng5 Ne7 43. Be6 Kg7 44. Rxe7+ Kf6 45. Rxa7 Kxg5 46. Bd5 Kf4
47. a4 Ra3 48. a5 g5 49. Ne2+ Ke5 50. Bf7 Rf3 51. Bxh5 Ra3 52. Kg2 Kd6 53. Bf3
Kc5 54. Bb7 Kb5 55. a6 Kb6 56. Ra8 Rd3 57. Rg8 Rd2 58. Kf3 Rd3+ 59. Ke4 Ra3 60.
Nd4 Ra1 61. Rg6+ Kc5 62. Rc6+ 1-0

[Event "Copa Latinoamericana de Ajedrez 2011"]
[Site "Montevideo URU"]
[Date "2011.11.06"]
[Round "9.46"]
[White "Meruvia, Juan Francisco"]
[Black "Okamura, Milton"]
[Result "0-1"]
[WhiteElo "1905"]
[BlackElo "2107"]
[PlyCount "90"]
[EventDate "2011.11.01"]
[EventType "swiss"]
[EventRounds "9"]
[EventCountry "URU"]
[Source "lmi"]
[SourceDate "2011.11.01"]

1. d4 d5 2. c4 c6 3. Nf3 Nf6 4. g3 g6 5. Bg2 Bg7 6. O-O O-O 7. cxd5 cxd5 8. Nc3
b6 9. Ne5 Bb7 10. h3 Nc6 11. f4 Rc8 12. Be3 Na5 13. Qd3 Nc4 14. b3 Nxe3 15.
Qxe3 Ba6 16. Bf3 Qd6 17. Rac1 Rc7 18. b4 Rfc8 19. a3 e6 20. b5 Bb7 21. Na2 a6
22. bxa6 Bxa6 23. Nb4 Bc4 24. Rc3 b5 25. Rfc1 Qb6 26. Kh2 Nd7 27. g4 Nxe5 28.
fxe5 f6 29. exf6 Bxf6 30. Nc2 Bxe2 31. Ne1 Bc4 32. Nc2 Qd6+ 33. Kh1 e5 34. g5
Bg7 35. Bg4 Rf8 36. Qg3 Rf4 37. dxe5 Bxe5 38. Rf3 Rcf7 39. Qg2 d4 40. Nb4 Kg7
41. Re1 d3 42. Rd1 Rxf3 43. Bxf3 Bc3 44. Be4 Bxb4 45. axb4 Qxb4 0-1

[Event "Copa Latinoamericana de Ajedrez 2011"]
[Site "Montevideo URU"]
[Date "2011.11.06"]
[Round "9.47"]
[White "Ulaneo, Nicolás"]
[Black "Cori, Kevin"]
[Result "1-0"]
[WhiteElo "2106"]
[BlackElo "1902"]
[PlyCount "73"]
[EventDate "2011.11.01"]
[EventType "swiss"]
[EventRounds "9"]
[EventCountry "URU"]
[Source "lmi"]
[SourceDate "2011.11.01"]

1. d4 Nf6 2. c4 g6 3. Nc3 d5 4. cxd5 Nxd5 5. Bd2 Nb6 6. Nf3 Bg7 7. Bf4 O-O 8.
e3 Bg4 9. Be2 c6 10. O-O N8d7 11. Qc2 Bxf3 12. Bxf3 e5 13. dxe5 Nxe5 14. Be2
Qe7 15. Rfd1 Rad8 16. Qb3 Rfe8 17. e4 Bf8 18. a3 Ned7 19. Bc7 Rc8 20. Bd6 Qf6
21. Bxf8 Nxf8 22. a4 Rc7 23. Rac1 Rce7 24. a5 Nc8 25. Qb4 Ne6 26. Bg4 b6 27.
Qc4 h5 28. Bh3 Nc7 29. Bd7 Rxd7 30. Rxd7 Ne6 31. Qxc6 Qg5 32. Nd5 h4 33. Ne3
Ne7 34. Qd6 Nf4 35. Rcc7 Nc8 36. Qd1 Ne7 37. Qg4 1-0

[Event "Copa Latinoamericana de Ajedrez 2011"]
[Site "Montevideo URU"]
[Date "2011.11.06"]
[Round "9.48"]
[White "Blixen, Federico"]
[Black "El Ters, Antouan"]
[Result "0-1"]
[WhiteElo "2131"]
[BlackElo "2240"]
[PlyCount "99"]
[EventDate "2011.11.01"]
[EventType "swiss"]
[EventRounds "9"]
[EventCountry "URU"]
[Source "lmi"]
[SourceDate "2011.11.01"]

1. d4 Nf6 2. c4 e6 3. Nc3 d5 4. Nf3 c5 5. cxd5 cxd4 6. Qxd4 exd5 7. Bg5 Be7 8.
e3 Nc6 9. Qd2 O-O 10. Be2 Bg4 11. Bxf6 Bxf6 12. Nxd5 Bxb2 13. Qxb2 Qxd5 14. O-O
Rab8 15. Rfd1 Qa5 16. h3 Be6 17. Nd4 Nxd4 18. Rxd4 Rfd8 19. Qb4 Qg5 20. h4 Qf6
21. Rad1 Rxd4 22. Rxd4 b6 23. a3 h6 24. Bf3 Rc8 25. Qa4 Qe7 26. Qb4 Rc5 27. h5
Qc7 28. Rd1 Rc4 29. Qd6 Qxd6 30. Rxd6 Kf8 31. Rc6 Rxc6 32. Bxc6 Ke7 33. Kf1 Kd6
34. Ba4 Bg4 35. f3 Bxh5 36. Ke2 f6 37. Kd3 Kc5 38. Bb3 Be8 39. g3 h5 40. Be6 g5
41. Kc3 Bc6 42. f4 Bg2 43. fxg5 fxg5 44. Bf7 h4 45. gxh4 gxh4 46. Be6 h3 47.
Bxh3 Bxh3 48. e4 b5 49. e5 a5 50. Kd3 0-1

[Event "Copa Latinoamericana de Ajedrez 2011"]
[Site "Montevideo URU"]
[Date "2011.11.06"]
[Round "9.49"]
[White "Montoro, Gustavo"]
[Black "Bentancor, Franco"]
[Result "1-0"]
[WhiteElo "2027"]
[BlackElo "2240"]
[PlyCount "111"]
[EventDate "2011.11.01"]
[EventType "swiss"]
[EventRounds "9"]
[EventCountry "URU"]
[Source "lmi"]
[SourceDate "2011.11.01"]

1. e4 d5 2. exd5 Qxd5 3. Nc3 Qd6 4. d4 Nf6 5. Bc4 c6 6. Nf3 Bg4 7. Be3 Nbd7 8.
h3 Bh5 9. g4 Bg6 10. Qe2 e6 11. O-O-O O-O-O 12. Ne5 Qc7 13. h4 Nb6 14. Bb3 Be4
15. Nxe4 Nxe4 16. Bf4 Nf6 17. Ng6 Bd6 18. Bxd6 Qxd6 19. Nxh8 Rxh8 20. g5 Nfd5
21. c4 Nf4 22. Qe4 Nd7 23. Kb1 g6 24. d5 Nc5 25. Qf3 cxd5 26. cxd5 e5 27. Rc1
b6 28. Bc4 a5 29. Rhe1 Kb7 30. Qc3 Re8 31. a3 a4 32. Rcd1 Re7 33. Qb4 Ng2 34.
Re2 Nf4 35. Red2 Kb8 36. Bb5 Ra7 37. Bc6 Kc7 38. Qc4 Kb8 39. Re1 Re7 40. Bxa4
Rc7 41. Red1 Ka7 42. Bc6 f6 43. Qb5 e4 44. b4 Na6 45. Qa4 b5 46. Qxb5 Nd3 47.
Qa4 Rc8 48. b5 Ndc5 49. Qd4 Rb8 50. Ka2 Nc7 51. Rc2 Kb6 52. Qxf6 Rd8 53. Qd4
N7e6 54. dxe6 Qxd4 55. Rxd4 Rxd4 56. e7 1-0

[Event "Copa Latinoamericana de Ajedrez 2011"]
[Site "Montevideo URU"]
[Date "2011.11.06"]
[Round "9.50"]
[White "Quenallata, Luciano"]
[Black "Vaz, Leonardo"]
[Result "1-0"]
[WhiteElo "2217"]
[BlackElo "2014"]
[PlyCount "83"]
[EventDate "2011.11.01"]
[EventType "swiss"]
[EventRounds "9"]
[EventCountry "URU"]
[Source "lmi"]
[SourceDate "2011.11.01"]

1. d4 Nf6 2. Nc3 d5 3. Bg5 e6 4. e4 Be7 5. e5 Nfd7 6. h4 h6 7. Bxe7 Qxe7 8. Qg4
O-O 9. f4 a6 10. Bd3 f5 11. Qg6 c5 12. Nf3 Qe8 13. h5 Qxg6 14. hxg6 Nc6 15.
O-O-O cxd4 16. Ne2 Nc5 17. Nfxd4 Bd7 18. c3 Rac8 19. Bc2 b5 20. a3 Nxd4 21.
Nxd4 a5 22. Kb1 Rc7 23. Rh4 Rb7 24. b4 Na4 25. Bxa4 bxa4 26. g4 fxg4 27. Rxg4
Rb6 28. Re1 Be8 29. Ka2 axb4 30. cxb4 h5 31. Rh4 Bxg6 32. Rc1 Bd3 33. Rc7 g6
34. Kb2 Rf7 35. Rc8+ Kg7 36. Kc3 Ba6 37. Rc5 Bc4 38. b5 Kh6 39. Kb4 Ra7 40. Rc6
Rxc6 41. bxc6 Re7 42. Kc5 1-0

[Event "Copa Latinoamericana de Ajedrez 2011"]
[Site "Montevideo URU"]
[Date "2011.11.06"]
[Round "9.52"]
[White "Yano, William"]
[Black "Cucchi, Nicolás"]
[Result "1/2-1/2"]
[WhiteElo "2162"]
[BlackElo "2002"]
[PlyCount "32"]
[EventDate "2011.11.01"]
[EventType "swiss"]
[EventRounds "9"]
[EventCountry "URU"]
[Source "lmi"]
[SourceDate "2011.11.01"]

1. e4 c5 2. Nc3 Nc6 3. f4 g6 4. Nf3 Bg7 5. Bc4 e6 6. f5 Nge7 7. O-O O-O 8. d3
Na5 9. Bb3 Nxb3 10. axb3 exf5 11. Qe1 d5 12. e5 Be6 13. Qh4 Nc6 14. Bg5 f6 15.
Rae1 Nd4 16. Bxf6 Nxf3+ 1/2-1/2

[Event "Copa Latinoamericana de Ajedrez 2011"]
[Site "Montevideo URU"]
[Date "2011.11.06"]
[Round "9.53"]
[White "Lanzilotta, Marcelo"]
[Black "Crespo, Antonio"]
[Result "1-0"]
[WhiteElo "2011"]
[BlackElo "2153"]
[PlyCount "99"]
[EventDate "2011.11.01"]
[EventType "swiss"]
[EventRounds "9"]
[EventCountry "URU"]
[Source "lmi"]
[SourceDate "2011.11.01"]

1. e4 c5 2. Nf3 a6 3. d3 Nc6 4. g3 g6 5. Bg2 Bg7 6. O-O d6 7. c3 Nf6 8. Re1 O-O
9. h3 Ne8 10. Be3 Rb8 11. Qd2 Nc7 12. Bh6 Ne5 13. Bxg7 Kxg7 14. Nxe5 dxe5 15.
a4 Ne6 16. Na3 b5 17. axb5 axb5 18. Nc2 c4 19. Nb4 Qd6 20. Rad1 Rd8 21. Qe3 Qb6
22. d4 Bb7 23. Nd5 Qd6 24. dxe5 Qxe5 25. f4 Qd6 26. Kh2 Qc5 27. Qc1 Bxd5 28.
exd5 Nf8 29. Rd4 Qd6 30. Qe3 Rd7 31. h4 Ra7 32. Re2 Rbb7 33. h5 Ra2 34. Qe5+ f6
35. Qe3 gxh5 36. Bf3 b4 37. Rxc4 bxc3 38. Qxc3 Qb8 39. b4 Rxe2+ 40. Bxe2 Qd6
41. Bf3 h4 42. gxh4 Ng6 43. Kg3 Rb5 44. h5 Nf8 45. Rc5 Rb6 46. Bg4 Kh6 47. Qd4
Ra6 48. Kh4 Ra3 49. Rc6 Ng6+ 50. hxg6 1-0

[Event "Copa Latinoamericana de Ajedrez 2011"]
[Site "Montevideo URU"]
[Date "2011.11.06"]
[Round "9.54"]
[White "Martínez, Ayelen"]
[Black "Haddad Filho, Paulo"]
[Result "1-0"]
[WhiteElo "2123"]
[BlackElo "1972"]
[PlyCount "105"]
[EventDate "2011.11.01"]
[EventType "swiss"]
[EventRounds "9"]
[EventCountry "URU"]
[Source "lmi"]
[SourceDate "2011.11.01"]

1. e4 e5 2. Nf3 Nc6 3. Bb5 a6 4. Ba4 Nf6 5. O-O b5 6. Bb3 Be7 7. Re1 d6 8. c3
Na5 9. Bc2 c5 10. d4 Qc7 11. h3 O-O 12. Nbd2 Re8 13. Nf1 h6 14. a4 Bd7 15. Ne3
Bf8 16. Nf5 exd4 17. cxd4 Bxf5 18. exf5 Rxe1+ 19. Qxe1 Re8 20. Qd1 Nc6 21. axb5
axb5 22. Bd3 c4 23. Bf1 d5 24. g3 Ne4 25. Bg2 b4 26. Qa4 Rb8 27. Be3 c3 28. Qb3
cxb2 29. Qxb2 Re8 30. Qb3 Qd7 31. Nh4 Nc3 32. Bf1 Qc7 33. Ng2 Na5 34. Qc2 Bd6
35. f6 Nc4 36. fxg7 Nxe3 37. Nxe3 Bxg3 38. Nf5 Ne2+ 39. Qxe2 Bh2+ 40. Kh1 Rxe2
41. Ra8+ Qb8 42. Rxb8+ Bxb8 43. Bxe2 b3 44. Kg2 Bf4 45. Kf3 Bd2 46. Bd3 Bc1 47.
Be2 Bd2 48. Bd1 b2 49. Bc2 Bc1 50. Ke2 Bg5 51. Kd3 Bf6 52. Kc3 Bxg7 53. Nxg7
1-0